| 000 | 00527nam a22001817a 4500 | ||
|---|---|---|---|
| 003 | NUST - PNEC | ||
| 005 | 20170116180804.0 | ||
| 008 | 150421b xxu||||| |||| 00| 0 eng d | ||
| 020 | _a1842775189 | ||
| 040 | _cLIBRARY | ||
| 082 | _a333.794 MAP | ||
| 100 |
_92825 _a Mapako Maxwell |
||
| 245 |
_aRenewables and Energy for Rural Development in Sub-Saharan Africa _c Maxwell Mapako |
||
| 260 |
_aLondon _b Zed Books Ltd _cc2004. |
||
| 300 | _a316p. : | ||
| 650 |
_92827 _aRenewable energy sources _xGeneral |
||
| 942 |
_2ddc _cBK |
||
| 999 |
_c63116 _d63116 |
||